|
|
|
|
| LEADER |
00731nab a2200181 i 4500 |
| 001 |
misc11022 |
| 005 |
20191106142122.0 |
| 008 |
170607s1937 hu o 0|| hun d |
| 022 |
|
|
|a 0025-0260
|
| 040 |
|
|
|a SZTE Miscellanea Repozitórium
|b hun
|
| 041 |
|
|
|a hun
|
| 100 |
1 |
|
|a Kemény Ferenc
|
| 245 |
1 |
0 |
|a Internationale Zeitschrift für Erziehung 1936. 6. sz.
|h [elektronikus dokumentum] :
|b [folyóirat-ismertetés] /
|c Kemény Ferenc
|
| 260 |
|
|
|c 1937
|
| 300 |
|
|
|a 94-96
|
| 490 |
0 |
|
|a Magyar pedagógia : a Magyar Tudományos Akadémia Pedagógiai Bizottságának folyóirata
|v 46
|
| 695 |
|
|
|a Pedagógiai szakirodalom külföldi lapszemle, Nevelés
|
| 856 |
4 |
0 |
|u http://misc.bibl.u-szeged.hu/11022/1/mp_1937_3624_094-096.pdf
|z Dokumentum-elérés
|